| 000 | 00702nam a22002172 4500 | ||
|---|---|---|---|
| 001 | 0000007279 | ||
| 005 | 20151217155833.0 | ||
| 008 | 071218s xx 000 0 eng d | ||
| 020 | _cKES | ||
| 040 |
_aKABU _cKABU |
||
| 100 | 1 |
_aJohnston, Tony. _@0000156939 |
|
| 245 | 1 | 0 |
_aKenya : _bgender facts & figures / _cTony Johnston, Julia Seth-Smith, Cathy Beacham. |
| 260 |
_aNairobi : _bPopulation Communication Africa, _c2003. |
||
| 300 | _a vi, 131 p. | ||
| 650 | 0 |
_aWomen studies _xStatistcs _zKenya. _@0000158489 |
|
| 700 | 1 |
_aSeth-Smith, Julia. _@0000158490 |
|
| 700 | 1 |
_aBeacham, Cathy. _@0000158491 |
|
| 908 | _a071218 | ||
| 950 | _@1 | ||
| 999 |
_c13063 _d13063 |
||